| 000 | 00470nam a2200145Ia 4500 | ||
|---|---|---|---|
| 008 | 180901s9999 xx 000 0 und d | ||
| 020 | _a9780323086189 | ||
| 100 | _aHertzberg,Barbara S. | ||
| 245 |
_cBarbara S. Hertzberg, William D. Middleton.-- _aUltrasound : _bthe requisites / |
||
| 250 | _a3rd ed | ||
| 260 |
_aUSA : _bElsevier _c2016 |
||
| 300 |
_axv, 612 pages : _billustrations. |
||
| 650 | _aDiagnostic ultrasonic imaging. | ||
| 650 | _aUltrasonics in obstetrics. | ||
| 999 |
_c358501 _d358501 |
||